[Event "ODJM A 2024"]
[Site "Willingen GER"]
[Date "2024.05.19"]
[Round "2"]
[White "Tulchynsky, David"]
[Black "Paeslack, Luis"]
[Result "1/2-1/2"]
[Termination "normal"]
[Board "9"]
[WhiteElo "1854"]
[BlackElo "2003"]
[WhiteClock "00:11:03"]
[BlackClock "00:02:10"]
[PlyCount "60"]
[WhiteFideId "16289560"]
[BlackFideId "12987760"]
[EventCountry "GER"]
[EventRounds "9"]
[EventType "swiss"]
[EventDate "2024.05.18"]

1. e4 {[%clk 01:30:46]} {[%emt 00:00:14]} c5 {[%clk 01:30:14]} {[%emt
00:00:46]} 2. d4 {[%clk 01:31:12]} {[%emt 00:00:05]} cxd4 {[%clk 01:28:21]}
{[%emt 00:02:22]} 3. c3 {[%clk 01:31:36]} {[%emt 00:00:06]} g6 {[%clk
01:24:40]} {[%emt 00:04:11]} 4. cxd4 {[%clk 01:24:59]} {[%emt 00:07:07]} d5
{[%clk 01:25:00]} {[%emt 00:00:10]} 5. e5 {[%clk 01:25:07]} {[%emt 00:00:23]}
Bg7 {[%clk 01:25:08]} {[%emt 00:00:22]} 6. Nc3 {[%clk 01:22:13]} {[%emt
00:03:25]} Nc6 {[%clk 01:14:37]} {[%emt 00:11:00]} 7. h3 {[%clk 01:15:23]}
{[%emt 00:07:20]} Nh6 {[%clk 01:07:10]} {[%emt 00:07:56]} 8. Nf3 {[%clk
01:09:42]} {[%emt 00:06:12]} O-O {[%clk 01:04:53]} {[%emt 00:02:46]} 9. Qb3
{[%clk 01:09:13]} {[%emt 00:00:59]} Nf5 {[%clk 00:56:41]} {[%emt 00:08:41]} 10.
Be3 {[%clk 01:01:05]} {[%emt 00:08:40]} e6 {[%clk 00:46:40]} {[%emt 00:10:31]}
11. Bd3 {[%clk 00:59:36]} {[%emt 00:01:59]} Nxe3 {[%clk 00:44:26]} {[%emt
00:02:44]} 12. fxe3 {[%clk 00:58:38]} {[%emt 00:01:28]} Bh6 {[%clk 00:43:14]}
{[%emt 00:01:42]} 13. Nd1 {[%clk 00:59:04]} {[%emt 00:00:04]} a5 {[%clk
00:29:05]} {[%emt 00:14:38]} 14. O-O {[%clk 00:56:09]} {[%emt 00:03:25]} a4
{[%clk 00:24:56]} {[%emt 00:04:40]} 15. Qc3 {[%clk 00:53:14]} {[%emt 00:03:24]}
Qa5 {[%clk 00:19:06]} {[%emt 00:06:20]} 16. Qxa5 {[%clk 00:49:28]} {[%emt
00:04:16]} Nxa5 {[%clk 00:18:02]} {[%emt 00:01:34]} 17. g4 {[%clk 00:49:48]}
{[%emt 00:00:10]} b6 {[%clk 00:14:25]} {[%emt 00:04:08]} 18. g5 {[%clk
00:49:55]} {[%emt 00:00:21]} Bg7 {[%clk 00:14:47]} {[%emt 00:00:08]} 19. Nd2
{[%clk 00:38:39]} {[%emt 00:11:46]} Ba6 {[%clk 00:13:23]} {[%emt 00:01:55]} 20.
Bxa6 {[%clk 00:38:56]} {[%emt 00:00:14]} Rxa6 {[%clk 00:13:48]} {[%emt
00:00:04]} 21. Nc3 {[%clk 00:35:19]} {[%emt 00:04:07]} Rc8 {[%clk 00:10:37]}
{[%emt 00:03:41]} 22. Nxa4 {[%clk 00:20:54]} {[%emt 00:14:56]} Rc2 {[%clk
00:09:25]} {[%emt 00:01:41]} 23. Rfd1 {[%clk 00:21:12]} {[%emt 00:00:12]} Nc4
{[%clk 00:07:08]} {[%emt 00:02:48]} 24. Nxc4 {[%clk 00:21:36]} {[%emt
00:00:06]} dxc4 {[%clk 00:06:45]} {[%emt 00:00:53]} 25. b3 {[%clk 00:12:45]}
{[%emt 00:09:21]} Bf8 {[%clk 00:06:02]} {[%emt 00:01:13]} 26. Rdc1 {[%clk
00:10:29]} {[%emt 00:02:47]} Rxc1+ {[%clk 00:04:52]} {[%emt 00:01:40]} 27. Rxc1
{[%clk 00:10:51]} {[%emt 00:00:08]} b5 {[%clk 00:04:52]} {[%emt 00:00:30]} 28.
Nc5 {[%clk 00:10:14]} {[%emt 00:01:08]} Bxc5 {[%clk 00:03:43]} {[%emt
00:01:38]} 29. dxc5 {[%clk 00:10:37]} {[%emt 00:00:07]} Rc6 {[%clk 00:02:10]}
{[%emt 00:02:02]} 30. b4 {[%clk 00:11:03]} {[%emt 00:00:05]} Ra6 {[%emt
00:12:07]} 1/2-1/2

[Event "ODJM A 2024"]
[Site "Willingen GER"]
[Date "2024.05.19"]
[Round "2"]
[White "Kruse, Victor"]
[Black "Schmidt, Boris"]
[Result "1-0"]
[Termination "normal"]
[Board "10"]
[WhiteElo "2030"]
[BlackElo "1918"]
[WhiteClock "00:28:55"]
[BlackClock "00:21:30"]
[PlyCount "47"]
[WhiteFideId "16256964"]
[BlackFideId "16238036"]
[EventCountry "GER"]
[EventRounds "9"]
[EventType "swiss"]
[EventDate "2024.05.18"]

1. d4 {[%clk 01:30:56]} {[%emt 00:00:04]} d5 {[%clk 01:30:52]} {[%emt
00:00:08]} 2. c4 {[%clk 01:31:15]} {[%emt 00:00:12]} c6 {[%clk 01:31:18]}
{[%emt 00:00:04]} 3. cxd5 {[%clk 01:31:41]} {[%emt 00:00:04]} cxd5 {[%clk
01:31:45]} {[%emt 00:00:03]} 4. Nc3 {[%clk 01:32:04]} {[%emt 00:00:07]} Nf6
{[%clk 01:32:09]} {[%emt 00:00:05]} 5. Bf4 {[%clk 01:32:29]} {[%emt 00:00:05]}
Bf5 {[%clk 01:32:01]} {[%emt 00:00:38]} 6. Nf3 {[%clk 01:32:30]} {[%emt
00:00:29]} e6 {[%clk 01:24:26]} {[%emt 00:08:05]} 7. e3 {[%clk 01:23:25]}
{[%emt 00:09:35]} Qb6 {[%clk 01:14:47]} {[%emt 00:10:10]} 8. Bb5+ {[%clk
01:21:04]} {[%emt 00:02:51]} Nc6 {[%clk 01:10:49]} {[%emt 00:04:28]} 9. O-O
{[%clk 01:19:41]} {[%emt 00:01:52]} Be7 {[%clk 01:09:59]} {[%emt 00:01:20]} 10.
Qe2 {[%clk 01:10:13]} {[%emt 00:09:59]} O-O {[%clk 01:10:04]} {[%emt 00:00:24]}
11. Rfc1 {[%clk 00:59:41]} {[%emt 00:11:02]} a6 {[%clk 00:56:19]} {[%emt
00:14:15]} 12. Bxc6 {[%clk 00:58:55]} {[%emt 00:01:16]} bxc6 {[%clk 00:56:49]}
13. Ne5 {[%clk 00:58:38]} {[%emt 00:00:48]} Rfc8 {[%clk 00:39:35]} {[%emt
00:17:44]} 14. g4 {[%clk 00:53:25]} {[%emt 00:05:42]} Bg6 {[%clk 00:38:54]}
{[%emt 00:01:11]} 15. h4 {[%clk 00:53:32]} {[%emt 00:00:23]} h6 {[%clk
00:36:51]} {[%emt 00:02:34]} 16. Nxg6 {[%clk 00:41:44]} {[%emt 00:12:18]} fxg6
{[%clk 00:37:16]} {[%emt 00:00:04]} 17. Qc2 {[%clk 00:41:55]} {[%emt 00:00:19]}
Kf7 {[%clk 00:36:48]} {[%emt 00:00:58]} 18. f3 {[%clk 00:41:32]} {[%emt
00:00:53]} g5 {[%clk 00:32:06]} {[%emt 00:05:13]} 19. hxg5 {[%clk 00:39:41]}
{[%emt 00:02:21]} hxg5 {[%clk 00:32:33]} {[%emt 00:00:03]} 20. Bxg5 {[%clk
00:38:49]} {[%emt 00:01:21]} Rh8 {[%clk 00:32:39]} {[%emt 00:00:24]} 21. Ne2
{[%clk 00:37:18]} {[%emt 00:02:02]} e5 {[%clk 00:24:02]} {[%emt 00:09:07]} 22.
dxe5 {[%clk 00:35:58]} {[%emt 00:01:49]} Ne4 {[%clk 00:24:26]} {[%emt
00:00:05]} 23. e6+ {[%clk 00:29:59]} {[%emt 00:06:29]} Kg6 {[%clk 00:21:30]}
{[%emt 00:03:28]} 24. Bf4 {[%clk 00:28:55]} {[%emt 00:01:32]} 1-0

[Event "ODJM A 2024"]
[Site "Willingen GER"]
[Date "2024.05.19"]
[Round "2"]
[White "Weyerer, Noah"]
[Black "Kamp, Aaron"]
[Result "1/2-1/2"]
[Termination "normal"]
[Board "11"]
[WhiteElo "1869"]
[BlackElo "1996"]
[WhiteClock "00:05:17"]
[BlackClock "00:05:59"]
[PlyCount "114"]
[WhiteFideId "16250664"]
[BlackFideId "16231120"]
[EventCountry "GER"]
[EventRounds "9"]
[EventType "swiss"]
[EventDate "2024.05.18"]

1. c4 {[%clk 01:30:58]} Nf6 {[%clk 01:30:54]} {[%emt 00:00:06]} 2. Nc3 {[%clk
01:31:22]} {[%emt 00:00:06]} c6 {[%clk 01:31:18]} {[%emt 00:00:07]} 3. e4
{[%clk 01:31:05]} {[%emt 00:00:47]} d5 {[%clk 01:31:33]} {[%emt 00:00:14]} 4.
e5 {[%clk 01:25:53]} {[%emt 00:05:42]} d4 {[%clk 01:31:27]} {[%emt 00:00:36]}
5. exf6 {[%clk 01:26:12]} {[%emt 00:00:11]} dxc3 {[%clk 01:31:52]} {[%emt
00:00:06]} 6. bxc3 {[%clk 01:25:13]} {[%emt 00:01:29]} exf6 {[%clk 01:32:08]}
{[%emt 00:00:13]} 7. Nf3 {[%clk 01:18:59]} {[%emt 00:06:43]} c5 {[%clk
01:31:47]} {[%emt 00:00:52]} 8. Be2 {[%clk 01:15:05]} {[%emt 00:04:23]} Nc6
{[%clk 01:31:24]} {[%emt 00:00:54]} 9. O-O {[%clk 01:13:53]} {[%emt 00:01:42]}
Bd6 {[%clk 01:31:01]} {[%emt 00:00:53]} 10. d4 {[%clk 01:13:05]} {[%emt
00:01:18]} O-O {[%clk 01:30:49]} {[%emt 00:00:42]} 11. Be3 {[%clk 01:11:50]}
{[%emt 00:01:45]} b6 {[%clk 01:28:46]} {[%emt 00:02:33]} 12. Nd2 {[%clk
01:05:09]} {[%emt 00:07:12]} Qc7 {[%clk 01:27:02]} {[%emt 00:02:13]} 13. h3
{[%clk 01:03:42]} {[%emt 00:01:58]} Re8 {[%clk 01:24:34]} {[%emt 00:02:58]} 14.
Nb3 {[%clk 00:59:05]} {[%emt 00:05:07]} Ne7 {[%clk 01:22:48]} {[%emt 00:02:15]}
15. Bf3 {[%clk 00:57:15]} {[%emt 00:02:19]} Rb8 {[%clk 01:22:54]} {[%emt
00:00:25]} 16. Rc1 {[%clk 00:49:18]} {[%emt 00:08:27]} Ng6 {[%clk 01:16:29]}
{[%emt 00:06:55]} 17. Re1 {[%clk 00:43:49]} {[%emt 00:06:00]} Be6 {[%clk
01:08:14]} {[%emt 00:08:44]} 18. Qd3 {[%clk 00:33:16]} {[%emt 00:11:02]} Nh4
{[%clk 01:05:48]} {[%emt 00:02:56]} 19. Bd1 {[%clk 00:30:24]} {[%emt 00:03:23]}
Bf5 {[%clk 01:04:40]} {[%emt 00:01:38]} 20. Qf1 {[%clk 00:27:48]} {[%emt
00:03:05]} Be4 {[%clk 01:00:49]} {[%emt 00:04:21]} 21. f3 {[%clk 00:27:21]}
{[%emt 00:00:58]} Bf5 {[%clk 00:58:59]} {[%emt 00:02:21]} 22. Bf2 {[%clk
00:20:33]} {[%emt 00:07:18]} Ng6 {[%clk 00:57:05]} {[%emt 00:02:23]} 23. Bc2
{[%clk 00:19:34]} {[%emt 00:01:30]} Be6 {[%clk 00:55:06]} {[%emt 00:02:29]} 24.
Nd2 {[%clk 00:15:11]} {[%emt 00:04:53]} Bf4 {[%clk 00:53:13]} {[%emt 00:02:22]}
25. Rcd1 {[%clk 00:13:54]} {[%emt 00:01:47]} cxd4 {[%clk 00:51:04]} {[%emt
00:02:39]} 26. cxd4 {[%clk 00:13:02]} {[%emt 00:01:22]} Bxd2 {[%clk 00:50:43]}
{[%emt 00:00:51]} 27. Rxd2 {[%clk 00:13:25]} {[%emt 00:00:07]} Bxc4 {[%clk
00:50:42]} {[%emt 00:00:31]} 28. Rxe8+ {[%clk 00:13:48]} {[%emt 00:00:07]} Rxe8
{[%clk 00:51:05]} {[%emt 00:00:07]} 29. Qd1 {[%clk 00:12:38]} {[%emt 00:01:40]}
Nf4 {[%clk 00:39:01]} {[%emt 00:12:34]} 30. Be4 {[%clk 00:03:54]} {[%emt
00:09:13]} Bd5 {[%clk 00:25:20]} {[%emt 00:14:12]} 31. Bb1 {[%clk 00:02:15]}
{[%emt 00:02:09]} g6 {[%clk 00:24:11]} {[%emt 00:01:38]} 32. Bg3 {[%clk
00:01:31]} {[%emt 00:01:14]} Nxh3+ {[%clk 00:19:33]} {[%emt 00:05:08]} 33. Kh2
{[%clk 00:01:57]} {[%emt 00:00:05]} Nf4 {[%clk 00:19:43]} {[%emt 00:00:19]} 34.
Rc2 {[%clk 00:01:11]} {[%emt 00:01:16]} Qd6 {[%clk 00:19:03]} {[%emt 00:01:10]}
35. Qc1 {[%clk 00:00:52]} {[%emt 00:00:51]} g5 {[%clk 00:17:43]} {[%emt
00:01:48]} 36. Rc8 {[%clk 00:00:47]} {[%emt 00:00:36]} Rxc8 {[%clk 00:11:58]}
{[%emt 00:06:31]} 37. Qxc8+ {[%clk 00:01:11]} Qf8 {[%clk 00:10:57]} {[%emt
00:04:51]} 38. Bxh7+ {[%clk 00:00:33]} Kg7 {[%clk 00:11:17]} 39. Qxf8+ {[%clk
00:01:00]} Kxf8 {[%clk 00:11:39]} 40. Bxf4 {[%clk 00:00:58]} {[%emt 00:00:02]}
gxf4 {[%clk 00:11:07]} {[%emt 00:00:08]} 41. a3 {[%clk 00:00:38]} {[%emt
00:00:12]} Be6 {[%clk 00:07:40]} {[%emt 00:03:56]} 42. Be4 {[%clk 00:21:34]}
{[%emt 00:09:34]} Ke7 {[%clk 00:36:51]} {[%emt 00:01:19]} 43. g3 {[%clk
00:16:21]} {[%emt 00:05:44]} Kd6 {[%clk 00:35:03]} {[%emt 00:02:17]} 44. gxf4
{[%clk 00:15:58]} {[%emt 00:00:53]} f5 {[%clk 00:35:01]} {[%emt 00:00:31]} 45.
Bb7 {[%clk 00:15:36]} {[%emt 00:00:52]} Bd5 {[%clk 00:33:39]} {[%emt 00:01:53]}
46. Ba6 {[%clk 00:12:37]} {[%emt 00:03:29]} Bxf3 {[%clk 00:32:41]} {[%emt
00:01:28]} 47. Kg3 {[%clk 00:11:47]} {[%emt 00:01:19]} Bc6 {[%clk 00:29:03]}
{[%emt 00:04:09]} 48. Bc4 {[%clk 00:11:59]} {[%emt 00:00:19]} Bd5 {[%clk
00:28:08]} {[%emt 00:03:47]} 49. Bb5 {[%clk 00:11:09]} {[%emt 00:00:16]} a5
{[%clk 00:20:31]} {[%emt 00:06:47]} 50. Kf2 {[%clk 00:10:11]} {[%emt 00:01:28]}
Bc6 {[%clk 00:17:54]} {[%emt 00:03:07]} 51. Bc4 {[%clk 00:09:36]} {[%emt
00:01:05]} b5 {[%clk 00:14:35]} {[%emt 00:03:49]} 52. Bxf7 {[%clk 00:08:31]}
{[%emt 00:01:35]} Bd5 {[%clk 00:13:53]} {[%emt 00:01:12]} 53. Bg6 {[%clk
00:06:47]} {[%emt 00:02:14]} Be4 {[%clk 00:09:55]} {[%emt 00:04:27]} 54. Ke3
{[%clk 00:05:53]} {[%emt 00:01:25]} b4 {[%clk 00:09:43]} {[%emt 00:00:42]} 55.
axb4 {[%clk 00:06:12]} {[%emt 00:00:12]} axb4 {[%clk 00:08:44]} {[%emt
00:01:29]} 56. Bf7 {[%clk 00:05:06]} {[%emt 00:01:36]} Bd5 {[%clk 00:07:02]}
{[%emt 00:02:16]} 57. Bg6 {[%clk 00:05:17]} {[%emt 00:04:20]} Be4 {[%clk
00:05:59]} 1/2-1/2

[Event "ODJM A 2024"]
[Site "Willingen GER"]
[Date "2024.05.19"]
[Round "2"]
[White "Geist, Denis"]
[Black "Vollbehr, Bjarne"]
[Result "1/2-1/2"]
[Termination "normal"]
[Board "12"]
[WhiteElo "1847"]
[BlackElo "1927"]
[WhiteClock "00:04:54"]
[BlackClock "00:08:39"]
[PlyCount "184"]
[WhiteFideId "34605100"]
[BlackFideId "34606025"]
[EventCountry "GER"]
[EventRounds "9"]
[EventType "swiss"]
[EventDate "2024.05.18"]

1. e4 {[%clk 01:30:25]} {[%emt 00:00:33]} e5 {[%clk 01:30:54]} {[%emt
00:00:06]} 2. Nf3 {[%clk 01:30:43]} {[%emt 00:00:13]} Nc6 {[%clk 01:31:19]}
{[%emt 00:00:05]} 3. d4 {[%clk 01:30:39]} {[%emt 00:00:34]} exd4 {[%clk
01:31:40]} {[%emt 00:00:09]} 4. Bc4 {[%clk 01:30:51]} {[%emt 00:00:18]} Nf6
{[%clk 01:32:01]} {[%emt 00:00:10]} 5. O-O {[%clk 01:31:09]} {[%emt 00:00:11]}
Nxe4 {[%clk 01:32:22]} {[%emt 00:00:09]} 6. Re1 {[%clk 01:31:27]} {[%emt
00:00:12]} d5 {[%clk 01:32:46]} {[%emt 00:00:05]} 7. Bxd5 {[%clk 01:31:54]}
{[%emt 00:00:03]} Qxd5 {[%clk 01:33:11]} {[%emt 00:00:06]} 8. Nc3 {[%clk
01:31:51]} {[%emt 00:00:34]} Qh5 {[%clk 01:33:34]} {[%emt 00:00:07]} 9. Nxe4
{[%clk 01:32:12]} {[%emt 00:00:07]} Be6 {[%clk 01:33:58]} {[%emt 00:00:07]} 10.
Bg5 {[%clk 01:30:45]} {[%emt 00:01:57]} Bd6 {[%clk 01:33:21]} {[%emt 00:01:07]}
11. Nxd6+ {[%clk 01:30:18]} {[%emt 00:00:58]} cxd6 {[%clk 01:33:41]} {[%emt
00:00:09]} 12. Bf4 {[%clk 01:30:35]} {[%emt 00:00:13]} Qd5 {[%clk 01:34:02]}
{[%emt 00:00:09]} 13. c3 {[%clk 01:29:45]} {[%emt 00:01:21]} Qf5 {[%clk
01:34:24]} {[%emt 00:00:07]} 14. cxd4 {[%clk 00:56:22]} {[%emt 00:33:54]} O-O
{[%clk 01:34:35]} {[%emt 00:00:18]} 15. Bxd6 {[%clk 00:45:51]} {[%emt
00:11:01]} Rfd8 {[%clk 01:34:56]} {[%emt 00:00:08]} 16. Bg3 {[%clk 00:44:04]}
{[%emt 00:02:19]} f6 {[%clk 01:35:18]} {[%emt 00:00:07]} 17. Qa4 {[%clk
00:36:08]} {[%emt 00:08:26]} Bd5 {[%clk 01:19:46]} {[%emt 00:16:02]} 18. Nh4
{[%clk 00:29:31]} {[%emt 00:07:07]} Qg4 {[%clk 01:15:58]} {[%emt 00:04:17]} 19.
h3 {[%clk 00:13:05]} {[%emt 00:16:57]} Qd7 {[%clk 01:13:21]} {[%emt 00:03:07]}
20. Re3 {[%clk 00:12:13]} {[%emt 00:01:23]} g5 {[%clk 00:47:34]} {[%emt
00:26:15]} 21. Nf3 {[%clk 00:12:35]} {[%emt 00:00:08]} Bxf3 {[%clk 00:47:29]}
{[%emt 00:00:35]} 22. Rxf3 {[%clk 00:12:17]} {[%emt 00:00:48]} Nxd4 {[%clk
00:45:34]} {[%emt 00:02:26]} 23. Qc4+ {[%clk 00:12:03]} {[%emt 00:00:44]} Kg7
{[%clk 00:45:35]} {[%emt 00:00:28]} 24. Rc3 {[%clk 00:07:40]} {[%emt 00:04:54]}
Rac8 {[%clk 00:44:29]} {[%emt 00:01:35]} 25. Qd3 {[%clk 00:05:45]} {[%emt
00:02:26]} Rxc3 {[%clk 00:41:52]} {[%emt 00:03:06]} 26. bxc3 {[%clk 00:06:14]}
{[%emt 00:00:02]} Nf5 {[%clk 00:36:35]} {[%emt 00:08:45]} 27. Qxd7+ Rxd7 {[%clk
00:37:00]} 28. Bb8 {[%clk 00:06:42]} a6 {[%clk 00:36:46]} {[%emt 00:00:01]} 29.
g4 {[%clk 00:05:20]} {[%emt 00:00:13]} Ne7 {[%clk 00:36:26]} {[%emt 00:00:50]}
30. a4 {[%clk 00:04:53]} {[%emt 00:00:58]} Nc6 {[%clk 00:35:32]} {[%emt
00:01:23]} 31. Bg3 {[%clk 00:05:07]} {[%emt 00:00:17]} Kf7 {[%clk 00:33:14]}
{[%emt 00:02:47]} 32. Kg2 {[%clk 00:04:48]} {[%emt 00:00:50]} Na5 {[%clk
00:32:35]} {[%emt 00:01:08]} 33. Rb1 {[%clk 00:04:44]} {[%emt 00:00:34]} Nc4
{[%clk 00:31:23]} {[%emt 00:01:41]} 34. Rb4 {[%clk 00:04:57]} {[%emt 00:00:19]}
Nd2 {[%clk 00:30:40]} {[%emt 00:01:12]} 35. h4 {[%clk 00:03:14]} {[%emt
00:02:14]} a5 {[%clk 00:30:05]} {[%emt 00:01:05]} 36. Rb5 {[%clk 00:03:25]}
{[%emt 00:00:19]} gxh4 {[%clk 00:29:59]} {[%emt 00:00:36]} 37. Bxh4 {[%clk
00:03:18]} {[%emt 00:00:38]} Ne4 {[%clk 00:28:25]} {[%emt 00:02:03]} 38. c4
{[%clk 00:02:30]} {[%emt 00:01:19]} Rc7 {[%clk 00:25:10]} {[%emt 00:03:45]} 39.
f3 {[%clk 00:01:59]} {[%emt 00:01:01]} Nd6 {[%clk 00:24:29]} {[%emt 00:01:09]}
40. Rxa5 {[%clk 00:01:53]} {[%emt 00:00:37]} Nxc4 {[%clk 00:24:29]} {[%emt
00:00:30]} 41. Rb5 {[%clk 00:29:43]} {[%emt 00:02:40]} Ne5 {[%clk 00:51:16]}
{[%emt 00:03:43]} 42. Rb6 {[%clk 00:25:11]} {[%emt 00:08:22]} Nd7 {[%clk
00:50:47]} 43. Rb4 {[%clk 00:24:08]} {[%emt 00:00:09]} b6 {[%clk 00:49:12]}
{[%emt 00:01:08]} 44. Rd4 {[%clk 00:15:12]} {[%emt 00:09:26]} Ke6 {[%clk
00:48:09]} {[%emt 00:01:32]} 45. Bg3 {[%clk 00:13:56]} {[%emt 00:01:47]} Rc2+
{[%clk 00:47:09]} {[%emt 00:01:29]} 46. Kh3 {[%clk 00:13:40]} {[%emt 00:00:46]}
Rc3 {[%clk 00:46:25]} {[%emt 00:01:14]} 47. f4 {[%clk 00:13:20]} {[%emt
00:00:51]} Nc5 {[%clk 00:46:05]} {[%emt 00:00:49]} 48. f5+ {[%clk 00:10:34]}
{[%emt 00:03:17]} Ke7 {[%clk 00:45:29]} {[%emt 00:01:04]} 49. Kh4 {[%clk
00:09:10]} {[%emt 00:01:55]} Ra3 {[%clk 00:39:46]} {[%emt 00:06:14]} 50. Bc7
{[%clk 00:07:14]} {[%emt 00:02:26]} Rb3 {[%clk 00:35:29]} {[%emt 00:04:46]} 51.
a5 {[%clk 00:06:01]} {[%emt 00:03:12]} Nd3 {[%clk 00:32:57]} {[%emt 00:01:33]}
52. Re4+ {[%clk 00:05:02]} {[%emt 00:01:28]} Kf7 {[%clk 00:31:11]} {[%emt
00:02:17]} 53. Bxb6 {[%clk 00:05:28]} {[%emt 00:00:04]} Ne5 {[%clk 00:30:45]}
{[%emt 00:00:55]} 54. Re3 {[%clk 00:05:14]} {[%emt 00:00:45]} Rb4 {[%clk
00:29:35]} {[%emt 00:01:39]} 55. Rg3 {[%clk 00:05:16]} {[%emt 00:00:28]} Ra4
{[%clk 00:25:13]} {[%emt 00:04:52]} 56. Kh3 {[%clk 00:04:23]} {[%emt 00:01:24]}
Nc4 {[%clk 00:21:53]} {[%emt 00:03:49]} 57. Rd3 {[%clk 00:03:57]} {[%emt
00:00:56]} Nxa5 {[%clk 00:21:30]} {[%emt 00:00:53]} 58. Rd7+ {[%clk 00:04:03]}
{[%emt 00:00:25]} Kg8 {[%clk 00:21:47]} {[%emt 00:00:12]} 59. Bd4 {[%clk
00:03:17]} {[%emt 00:01:17]} Ra3+ {[%clk 00:20:35]} {[%emt 00:01:42]} 60. Kh4
{[%clk 00:03:27]} {[%emt 00:00:20]} Rd3 {[%clk 00:20:34]} {[%emt 00:00:29]} 61.
Rd8+ {[%clk 00:03:23]} {[%emt 00:00:35]} Kf7 {[%clk 00:20:57]} {[%emt
00:00:07]} 62. Bxf6 {[%clk 00:03:00]} {[%emt 00:00:53]} Rxd8 {[%clk 00:21:21]}
{[%emt 00:00:06]} 63. Bxd8 {[%clk 00:03:26]} {[%emt 00:00:05]} Nc6 {[%clk
00:21:25]} {[%emt 00:00:25]} 64. Bg5 {[%clk 00:03:30]} {[%emt 00:00:26]} Ne5
{[%clk 00:20:37]} {[%emt 00:01:19]} 65. Kh5 {[%clk 00:02:55]} {[%emt 00:01:05]}
Nf3 {[%clk 00:19:48]} {[%emt 00:01:19]} 66. Kh6 {[%clk 00:02:32]} {[%emt
00:00:54]} Ne5 {[%clk 00:19:58]} {[%emt 00:00:19]} 67. Kh5 {[%clk 00:02:44]}
{[%emt 00:00:25]} Kg7 {[%clk 00:18:56]} {[%emt 00:04:21]} 68. Bd2 {[%clk
00:02:09]} {[%emt 00:00:03]} Nf7 {[%clk 00:17:57]} {[%emt 00:00:07]} 69. Bc3+
{[%clk 00:02:28]} Kg8 {[%clk 00:18:16]} 70. g5 {[%clk 00:01:29]} {[%emt
00:01:17]} Kf8 {[%clk 00:17:50]} {[%emt 00:00:55]} 71. Kg4 {[%clk 00:01:15]}
{[%emt 00:00:44]} Kg8 {[%clk 00:18:01]} {[%emt 00:00:19]} 72. Bf6 {[%clk
00:01:39]} {[%emt 00:00:07]} Nd6 {[%clk 00:14:38]} {[%emt 00:03:52]} 73. Kf4
{[%clk 00:01:48]} {[%emt 00:00:21]} Kf7 {[%clk 00:14:10]} {[%emt 00:00:58]} 74.
Bd8 {[%clk 00:01:21]} {[%emt 00:00:57]} Ke8 {[%clk 00:13:25]} {[%emt 00:01:15]}
75. Ba5 {[%clk 00:01:02]} {[%emt 00:00:49]} Kf7 {[%clk 00:12:33]} {[%emt
00:01:21]} 76. Bb4 {[%clk 00:01:28]} {[%emt 00:00:05]} Ne8 {[%clk 00:12:48]}
{[%emt 00:00:16]} 77. Bc3 {[%clk 00:01:34]} {[%emt 00:00:24]} Nd6 {[%clk
00:11:21]} {[%emt 00:01:56]} 78. Kg4 {[%clk 00:01:23]} {[%emt 00:00:41]} Ne4
{[%clk 00:11:13]} {[%emt 00:00:39]} 79. Bb4 {[%clk 00:01:46]} {[%emt 00:00:07]}
Nf2+ {[%clk 00:11:07]} {[%emt 00:00:36]} 80. Kh5 {[%clk 00:02:09]} {[%emt
00:00:06]} Nd3 {[%clk 00:10:19]} {[%emt 00:01:18]} 81. Bd6 {[%clk 00:02:28]}
{[%emt 00:00:11]} Nf2 {[%clk 00:10:17]} {[%emt 00:00:31]} 82. Kh6 {[%clk
00:02:24]} {[%emt 00:00:35]} Ne4 {[%clk 00:09:45]} {[%emt 00:01:02]} 83. Bb4
{[%clk 00:02:50]} {[%emt 00:00:04]} Ng3 {[%clk 00:07:45]} {[%emt 00:02:30]} 84.
f6 {[%clk 00:02:48]} {[%emt 00:00:32]} Ne4 {[%clk 00:06:52]} {[%emt 00:01:23]}
85. Be7 {[%clk 00:03:07]} {[%emt 00:00:11]} Kg8 {[%clk 00:07:05]} {[%emt
00:00:16]} 86. Kh5 {[%clk 00:03:18]} {[%emt 00:00:20]} Kf7 {[%clk 00:07:15]}
{[%emt 00:00:20]} 87. Kh6 {[%clk 00:03:45]} {[%emt 00:00:03]} Kg8 {[%clk
00:07:39]} {[%emt 00:00:06]} 88. Kh5 {[%clk 00:03:56]} {[%emt 00:00:19]} Kf7
{[%clk 00:08:02]} {[%emt 00:00:07]} 89. Kg4 {[%clk 00:04:19]} {[%emt 00:00:05]}
h6 {[%clk 00:07:40]} {[%emt 00:00:54]} 90. gxh6 {[%clk 00:04:26]} {[%emt
00:00:23]} Nxf6+ {[%clk 00:07:55]} {[%emt 00:00:14]} 91. Kg5 {[%clk 00:04:27]}
{[%emt 00:00:30]} Kxe7 {[%clk 00:08:17]} {[%emt 00:00:08]} 92. Kg6 {[%clk
00:04:54]} {[%emt 00:00:03]} Ke6 {[%clk 00:08:39]} {[%emt 00:00:07]} 1/2-1/2